000 00842cab a2200217 4500
001 ABS42184
008 090401t1990 xxu||||| |||| 00| 0 eng d
035 _a(Sirsi) u35169
041 _aeng
245 _aOptical optimism
260 _c1990
350 _a0
490 _aRRV Monthly
_vFebruary 1990, 32-34(2)
520 _aThe Ealing LBC through the Ealing Community Charge and Rating Office , is one of the first local authorities to introduce optical disk document management systems to complement its IBM Bluebird Community Charge System . A review of the system is provided and its impact on the workings of the local authority are discussed.
650 _aCOMMUNITY CHARGE
650 _aCOMPUTERS
650 _aRATING
690 _aMANAGEMENT-BUSINESS MANAGEMENT-INFORMATION MANAGEMENT
942 _n0
948 _c04/03/1997
999 _c23070
_d23070